| 000 | 00690nam a2200193 a 4500 | ||
|---|---|---|---|
| 020 | _a1561733156 | ||
| 082 | 0 | 0 |
_a030 _bPUB _cL-NUST, P-47 |
| 245 | 0 | 0 | _aDinosaurs. |
| 260 |
_aLincolnwood, Ill. : _bPublications International, _cc1992. |
||
| 300 |
_a32 p. : _bcol. ill. ; _c29 cm. |
||
| 500 | _aAt head of title: Encyclopaedia Britannica. | ||
| 500 | _aIncludes index. | ||
| 520 | _aBrief, one-paragraph presentations of facts about dinosaurs and how we study them. | ||
| 526 |
_a0 _b0 _c0 _d030_000000000000000_PUB |
||
| 650 | 0 |
_aDinosaurs _xJuvenile literature. _946848 |
|
| 650 | 1 |
_aDinosaurs _xMiscellanea. _946849 |
|
| 710 | 2 |
_aPublications International, Ltd. _946850 |
|
| 942 |
_2ddc _cBK |
||
| 999 |
_c550100 _d550100 |
||